00633nam a2200193Ia 4500001001000000003000500010008004100015010001100056040000900067082001700076245015000093260004100243300001100284650003300295650001700328650002200345700003400367700003800401Para_9606CHAP220125s2006 xx 000 0 und d a208279 cCHAP aPA 632.9 C76 aControl de patógenos telúricos en cultivos hortícolas intensivos /c coordinado por Francisco Camacho Ferre y Julio César Tello Marquina aMadrid :b Ediciones Agrotécnicas a160 p. aFertilizantes para cultivos  aFumigantes  aSuelos y cultivos aI. Camacho Ferre, Francisco  aII. Tello Marquina, Julio César